Score 0/20 Timer 03:00
0 Plays Today
Club Missing Word % Correct
West ___ UnitedHam
99%
Swansea ____City
98.4%
_________ HotspurTottenham
97.9%
Ipswich ____Town
97.9%
Leeds ______United
97.9%
_______ PalaceCrystal
97.9%
Aston _____Villa
97.4%
______ Park RangersQueen's
97.4%
Derby ______County
97.4%
Blackburn ______Rovers
96.9%
Club Missing Word % Correct
Nottingham ______Forest
96.9%
_________ WednesdaySheffield
95.8%
Wigan ________Athletic
95.8%
West ________ AlbionBromwich
93.2%
Wolverhampton _________Wanderers
91.1%
Brighton & ____ AlbionHove
91.1%
Leyton ______Orient
88.5%
_____ AlexandraCrewe
86.5%
Milton Keynes ____Dons
85.4%
Plymouth ______Argyle
79.2%
Remove Ads.
Support Sporcle.
Get the best of Sporcle when you Go Orange. This ad-free experience offers more features, more stats, and more fun while also helping to support Sporcle. Thank you for becoming a member.

You're not logged in!

Compare scores with friends on all Sporcle quizzes.
OR
Log In

Show Comments

Extras

Top Quizzes Today


Score Distribution

Your Account Isn't Verified!

In order to create a playlist on Sporcle, you need to verify the email address you used during registration. Go to your Sporcle Settings to finish the process.

Report this User

Report this user for behavior that violates our Community Guidelines.

Details: